[Event "Zlin Region-chT 2223"]
[Site "Czech Republic"]
[Date "2023.01.15"]
[Round "6.3"]
[White "Sojka, Ales"]
[Black "Bartas, Pavel"]
[Result "1-0"]
[WhiteElo "2085"]
[BlackElo "1904"]
[PlyCount "39"]
[EventDate "2022.10.09"]
[EventType "team-tourn"]
[EventRounds "11"]
[EventCountry "CZE"]
[SourceTitle "EXT 2024"]
[Source "ChessBase"]
[SourceDate "2023.10.10"]
[SourceVersion "1"]
[SourceVersionDate "2023.10.10"]
[SourceQuality "1"]
[WhiteTeam "Kromeriz Slavia III"]
[BlackTeam "Borsice"]
[WhiteTeamCountry "CZE"]
[BlackTeamCountry "CZE"]

1. e4 d5 2. exd5 Qxd5 3. Nc3 Qa5 4. d4 c6 5. Bc4 Nf6 6. Nge2 Bg4 7. f3 Bh5 8. Ng3 Bg6 9. 0-0 e6 10. f4 Be7 11. f5 exf5 12. Qe2 Ne4 13. Nxf5 Bxf5 14. Nxe4 Be6 15. Bxe6 fxe6 16. Nc5 Bxc5 17. Qxe6+ Kd8 18. Bg5+ Kc7 19. Rf7+ Kb6 20. dxc5+ 1-0

[Event "Zlin Region-chT 2223"]
[Site "Czech Republic"]
[Date "2022.12.11"]
[Round "5.2"]
[White "Kubin, Petr"]
[Black "Bartas, Pavel"]
[Result "1-0"]
[WhiteElo "1976"]
[BlackElo "1904"]
[PlyCount "59"]
[EventDate "2022.10.09"]
[EventType "team-tourn"]
[EventRounds "11"]
[EventCountry "CZE"]
[SourceTitle "EXT 2024"]
[Source "ChessBase"]
[SourceDate "2023.10.10"]
[SourceVersion "1"]
[SourceVersionDate "2023.10.10"]
[SourceQuality "1"]
[WhiteTeam "Valasska Bystrice Sokol"]
[BlackTeam "Borsice"]
[WhiteTeamCountry "CZE"]
[BlackTeamCountry "CZE"]

1. d4 d6 2. e4 g6 3. Nc3 Bg7 4. f4 e6 5. Nf3 b6 6. Bd3 Bb7 7. Be3 Nd7 8. e5 a6 9. a4 Ne7 10. 0-0 d5 11. Ne2 c5 12. c3 h6 13. Qe1 Nf5 14. Bf2 h5 15. g3 Qe7 16. h3 Nh6 17. Nh2 f5 18. exf6 Qxf6 19. g4 hxg4 20. Bh4 Qf7 21. hxg4 cxd4 22. cxd4 0-0 23. Qg3 Nb8 24. Nf3 Nc6 25. Ne5 Bxe5 26. fxe5 Qh7 27. Rf6 Rxf6 28. Bxf6 Rf8 29. Kg2 Kf7 30. Rh1 1-0

[Event "CZE-chT2E 1920"]
[Site "Czech Republic"]
[Date "2019.11.03"]
[Round "2.6"]
[White "Bartas, Pavel"]
[Black "Handl, Martin"]
[Result "1/2-1/2"]
[WhiteElo "1880"]
[BlackElo "2013"]
[PlyCount "100"]
[EventDate "2019.10.13"]
[EventType "team-tourn"]
[EventRounds "11"]
[EventCountry "CZE"]
[SourceTitle "EXT 2024"]
[Source "ChessBase"]
[SourceDate "2023.10.10"]
[SourceVersion "1"]
[SourceVersionDate "2023.10.10"]
[SourceQuality "1"]
[WhiteTeam "Borsice"]
[BlackTeam "Adamov"]
[WhiteTeamCountry "CZE"]
[BlackTeamCountry "CZE"]

1. c4 c5 2. Nc3 Nc6 3. e4 g6 4. d3 Bg7 5. Nge2 e6 6. g3 Nge7 7. Bg2 0-0 8. 0-0 b6 9. a3 Bb7 10. Be3 Rc8 11. Qd2 Re8 12. Bf4 d6 13. Nb5 e5 14. Bh6 Qd7 15. Bxg7 Kxg7 16. f4 a6 17. Nbc3 Nd4 18. Nxd4 cxd4 19. Nd5 Bxd5 20. cxd5 f6 21. fxe5 fxe5 22. Qg5 Ng8 23. Rac1 Rxc1 24. Rxc1 Rc8 25. h4 Nf6 26. Bf3 Rc5 27. h5 Rxc1+ 28. Qxc1 Nxh5 29. Bxh5 gxh5 30. Qg5+ Kf8 31. Qxh5 Qf7 32. Qh6+ Ke7 33. Kg2 b5 34. Qc1 Qh5 35. Qc7+ Ke8 36. Qc6+ Ke7 37. Qc7+ Kf8 38. Qxd6+ Kg7 39. Qe7+ Kg8 40. Qe6+ Kg7 41. g4 Qg5 42. Qf5 Qd2+ 43. Kh3 Qe3+ 44. Kg2 Qe2+ 45. Kg3 Qxd3+ 46. Kh4 Qe3 47. Qxe5+ Kf7 48. Qe6+ Kg7 49. Qe5+ Kf7 50. Qe6+ Kg7 1/2-1/2

[Event "CZE-chT2E 1213"]
[Site "Czech Republic"]
[Date "2012.10.14"]
[Round "1.7"]
[White "Bartas, Pavel"]
[Black "Mizak, Jan"]
[Result "0-1"]
[WhiteElo "1876"]
[BlackElo "2047"]
[PlyCount "62"]
[EventDate "2012.10.14"]
[EventType "team-tourn"]
[EventRounds "11"]
[EventCountry "CZE"]
[SourceTitle "EXT 2016"]
[Source "ChessBase"]
[SourceDate "2015.10.08"]
[SourceVersion "1"]
[SourceVersionDate "2015.10.08"]
[SourceQuality "1"]
[WhiteTeam "Napajedla"]
[BlackTeam "Adamov"]
[WhiteTeamCountry "CZE"]
[BlackTeamCountry "CZE"]

1. c4 Nf6 2. Nc3 g6 3. Nf3 Bg7 4. d4 d6 5. e3 0-0 6. Bd3 c5 7. h3 Nc6 8. a3 Nd7 9. Bc2 Nb6 10. b3 Bd7 11. 0-0 Rc8 12. Bb2 a6 13. Rb1 cxd4 14. exd4 Qc7 15. Re1 e6 16. Qd2 Ne7 17. Ne4 d5 18. Nc5 dxc4 19. bxc4 Nxc4 20. Qb4 Nxb2 21. Rxb2 Bc6 22. Be4 Nd5 23. Qb3 Rfd8 24. Rd2 Bb5 25. Rc2 Bc6 26. Rec1 Bh6 27. Re1 Bf8 28. Nd3 Qa5 29. Nc5 b6 30. Nd3 Ba4 31. Rxc8 Rxc8 0-1

[Event "CZE-ch U16"]
[Site "Zlate Hory"]
[Date "2006.08.13"]
[Round "1"]
[White "Bartas, Pavel"]
[Black "Bohm, Tomas"]
[Result "1/2-1/2"]
[WhiteElo "1967"]
[BlackElo "1855"]
[PlyCount "95"]
[EventDate "2006.03.11"]
[EventType "swiss"]
[EventRounds "9"]
[EventCountry "CZE"]
[SourceTitle "EXT 2008"]
[Source "ChessBase"]
[SourceDate "2007.11.25"]
[SourceVersion "1"]
[SourceVersionDate "2007.11.25"]
[SourceQuality "1"]

1. e4 c5 2. Nf3 d6 3. d4 cxd4 4. Nxd4 Nf6 5. Nc3 a6 6. Bc4 e6 7. h3 Be7 8. Be3 0-0 9. Bb3 Qc7 10. Qd2 Nc6 11. 0-0 Bd7 12. Rad1 Rfd8 13. Qe2 Nxd4 14. Bxd4 Rac8 15. Qe3 Re8 16. Rd2 b5 17. Rfd1 b4 18. Ne2 e5 19. Bb6 Qb7 20. Ba5 Bf8 21. c3 bxc3 22. Nxc3 Rc5 23. Bd5 Nxd5 24. Rxd5 Be6 25. Rxc5 dxc5 26. b3 c4 27. Nd5 cxb3 28. axb3 Rc8 29. Qb6 Qxb6 30. Nxb6 Rb8 31. b4 f6 32. Rb1 Kf7 33. b5 axb5 34. Rxb5 Bd6 35. Rb2 Bc7 36. Kf1 h5 37. Ke2 h4 38. f3 Rd8 39. Rc2 Bxb6 40. Bxb6 Rc8 41. Rd2 Rb8 42. Be3 Rb3 43. f4 exf4 44. Bxf4 Rb4 45. Ke3 Rb3+ 46. Rd3 Rxd3+ 47. Kxd3 g5 48. Bd6 1/2-1/2

[Event "CZE-ch U16"]
[Site "Zlate Hory"]
[Date "2006.03.18"]
[Round "9"]
[White "Bartas, Pavel"]
[Black "Pecinka, Martin"]
[Result "0-1"]
[WhiteElo "1650"]
[BlackElo "1742"]
[PlyCount "58"]
[EventDate "2006.03.11"]
[EventType "swiss"]
[EventRounds "9"]
[EventCountry "CZE"]
[SourceTitle "EXT 2008"]
[Source "ChessBase"]
[SourceDate "2007.11.25"]
[SourceVersion "1"]
[SourceVersionDate "2007.11.25"]
[SourceQuality "1"]

1. e4 c5 2. Nf3 d6 3. d4 cxd4 4. Nxd4 Nf6 5. Nc3 g6 6. Be3 Bg7 7. Bc4 0-0 8. f3 Nc6 9. Qd2 Bd7 10. 0-0 Rc8 11. Bb3 Ne5 12. Qe2 a6 13. a4 Qa5 14. Rfd1 h5 15. h3 Qc7 16. Qf2 Nc4 17. Bxc4 Qxc4 18. Nb3 Be6 19. Bb6 Qc6 20. Na5 Qd7 21. Rd3 Nh7 22. Qd2 f5 23. Bd4 Bxd4+ 24. Rxd4 Qc7 25. Nb3 Qb6 26. a5 Qc7 27. Rb4 Nf6 28. exf5 Bxf5 29. Qd5+ Nxd5 0-1

[Event "CZE-ch U16"]
[Site "Zlate Hory"]
[Date "2006.03.16"]
[Round "7"]
[White "Bartas, Pavel"]
[Black "Horak, Karel Jr"]
[Result "0-1"]
[WhiteElo "1650"]
[BlackElo "1905"]
[PlyCount "64"]
[EventDate "2006.03.11"]
[EventType "swiss"]
[EventRounds "9"]
[EventCountry "CZE"]
[SourceTitle "EXT 2008"]
[Source "ChessBase"]
[SourceDate "2007.11.25"]
[SourceVersion "1"]
[SourceVersionDate "2007.11.25"]
[SourceQuality "1"]

1. e4 c5 2. Nf3 e6 3. d4 cxd4 4. Nxd4 a6 5. Nc3 Qc7 6. Be3 Nf6 7. Be2 Bb4 8. f3 Bxc3+ 9. bxc3 Qxc3+ 10. Kf2 Nc6 11. Rb1 Nxd4 12. Bxd4 Qc7 13. Qd2 b5 14. Qg5 Qd6 15. Rbd1 Qf8 16. Bc5 Qg8 17. Qe5 Bb7 18. Qd6 Qf8 19. Qc7 Rc8 20. Qxc8+ Bxc8 21. Bxf8 Kxf8 22. Rd6 Ke7 23. Rhd1 Bb7 24. Rb6 Rb8 25. c4 bxc4 26. Bxc4 Rc8 27. Rxb7 Rxc4 28. Rdb1 Rc2+ 29. Kg3 Rxa2 30. R1b2 Ra3 31. Kf4 h6 32. g4 g5+ 0-1